000 00650nam a22002057a 4500
003 OSt
005 20230125114820.0
008 171014s2003 cr||||| |||| 00| 0 spa d
020 _a85 89719 01 4
040 _cLado V
082 0 4 _a708
_bM654c
100 _9610
_aMilliet, Maria Alice
_eeditor
245 _aColecao Nemirovsky Nemirovsky Colllection/
260 _bMAM
_aBrasil
_c2003
300 _a328p.
_c28x30cm
650 _2Tesauro de Arte & Arquitectura
_aCOLLECION
650 _2Tesauro de Arte & Arquitectura
_aARTE BRASILEÑO
650 _2Tesauro de Arte & Arquitectura
_aMUSEO
942 _2ddc
_c1
_h708
_iM654c
_n0
999 _c2876
_d2876